25 plus grandes villes d'Auvergne-Rhône-Alpes - Statistiques

Statistiques générales
  • Ce quiz a été pris 332 fois
    94 depuis la dernière actualisation
  • Le résultat moyen est 14 sur 25
Statistiques - réponses
Hint Réponse % Correct
519 127 Lyon
100%
146 351 Clermont-Ferrand
96%
156 140 Grenoble
96%
173 136 Saint-Etienne
96%
132 117 Annecy
92%
163 684 Villeurbanne
91%
59 964 Chambéry
83%
64 458 Valence
72%
42 372 Bourg-en-Bresse
64%
65 502 Vénissieux
62%
35 409 Roanne
57%
42 982 Bron
54%
49 229 Saint-Priest
53%
40 595 Montélimar
49%
53 069 Vaulx-en-Velin
49%
37 628 Annemasse
46%
37 491 Echirolles
43%
43 597 Caluire-et-Cuire
39%
36 172 Villefranche-sur-Saône
34%
37 928 Thonon-les-Bains
32%
35 646 Saint-Chamond
29%
37 695 Saint-Martin-d'Hères
29%
38 168 Oullins-Pierre-Bénite
22%
33 464 Romans-sur-Isère
21%
36 687 Meyzieu
20%
Aucun quiz correspondant
Distribution des résultats
% des personnes avec chaque résultat
Percentile par nombre de réponses
Votre historique - résultats
Vous n’avez pas pris ce quiz depuis la dernière actualisation